[Event "UK Armed Forces-ch"]
[Site "Wittering"]
[Date "2023.04.17"]
[Round "7"]
[White "Hill, Thomas Richard Cock"]
[Black "Lock, Benedict"]
[Result "1-0"]
[WhiteElo "1450"]
[BlackElo "1200"]
[PlyCount "57"]
[EventDate "2023.04.14"]
[EventType "swiss"]
[EventRounds "7"]
[EventCountry "ENG"]
[SourceTitle "EXT 2024"]
[Source "ChessBase"]
[SourceDate "2023.10.10"]
[SourceVersion "1"]
[SourceVersionDate "2023.10.10"]
[SourceQuality "1"]

1. e4 c5 2. Nc3 Nc6 3. f4 e6 4. Bc4 g6 5. Nf3 Bg7 6. d4 cxd4 7. Nxd4 Nxd4 8. e5 Nf5 9. 0-0 h5 10. Bd3 Nge7 11. Ne4 Nd5 12. Qe2 0-0 13. Ng5 f6 14. exf6 Bxf6 15. Bxf5 Kg7 16. Bxe6 dxe6 17. Nxe6+ Bxe6 18. Qxe6 Re8 19. Qh3 Qb6+ 20. Kh1 Qe6 21. Qd3 Re7 22. Bd2 Rae8 23. c3 Nxf4 24. Bxf4 Qe1 25. Raxe1 Rxe1 26. Qf3 R8e2 27. Bg3 Re3 28. Qxb7+ Be7 29. Bxe1 1-0

[Event "UK Armed Forces-ch"]
[Site "Wittering"]
[Date "2023.04.16"]
[Round "5"]
[White "Blair, Jimmy"]
[Black "Lock, Benedict"]
[Result "1-0"]
[WhiteElo "1509"]
[BlackElo "1200"]
[PlyCount "61"]
[EventDate "2023.04.14"]
[EventType "swiss"]
[EventRounds "7"]
[EventCountry "ENG"]
[SourceTitle "EXT 2024"]
[Source "ChessBase"]
[SourceDate "2023.10.10"]
[SourceVersion "1"]
[SourceVersionDate "2023.10.10"]
[SourceQuality "1"]

1. e4 c5 2. Nf3 Nc6 3. Bc4 e5 4. d3 f6 5. Bxg8 Rxg8 6. 0-0 d6 7. c3 Be6 8. Be3 c4 9. dxc4 Bxc4 10. Re1 d5 11. b3 dxe4 12. Qxd8+ Rxd8 13. Nfd2 Bd3 14. b4 Bxb4 15. cxb4 Nxb4 16. Na3 Rc8 17. Rac1 Kd7 18. Rcd1 Nxa2 19. Nxe4 Nb4 20. Nc5+ Rxc5 21. Bxc5 a5 22. Bxb4 axb4 23. Rxd3+ Ke6 24. Nb5 Rc8 25. Rb3 Rc4 26. f3 Kd5 27. Rd1+ Kc5 28. Nd6 g6 29. Nxc4 Kxc4 30. Rdb1 e4 31. Rxb4+ 1-0